000 01058pam a2200289 a 4500
999 _c329522
_d329522
001 4297559
003 NUST
005 20170511140428.0
008 860819s1987 nyua d 001 0 eng
010 _a 86023333
020 _a0442280971
040 _aDLC
_cDLC
_dDLC
050 0 0 _aQD5
_b.C5 1987
082 0 0 _a540.321 IRV
_219
130 0 _aCondensed chemical dictionary.
_9524
245 1 0 _aHawley's condensed chemical dictionary.
250 _a11th ed. /
_brev. by N. Irving Sax and Richard J. Lewis.
260 _aNew York :
_bVan Nostrand Reinhold,
_cc1987.
300 _axv, 1288 p. :
_bill. ;
_c24 cm.
500 _aRev. ed. of: The Condensed chemical dictionary. 10th ed. / rev. by Gessner G. Hawley. 1981.
500 _aIncludes index. P.B
650 0 _aChemistry
_vDictionaries.
_9525
700 1 _aHawley, Gessner G.
_q(Gessner Goodrich),
_d1905-1983.
_9526
700 1 _aSax, N. Irving
_q(Newton Irving)
_9527
700 1 _aLewis, Richard J.,
_cSr.,
_d1939-
_9528
906 _a7
_bcbc
_corignew
_d1
_eocip
_f19
_gy-gencatlg
942 _2ddc
_cBK
_k540.321 IRV